LEADER 01188nam a2200301 i 4500 001 000000112264 003 CaOOAMICUS 005 20030212000000.0 008 030212s1990 it u000 u ita u 013 $a84948 020 $a88-85227-23-6 040 $aSeMil$bita 100 1 $aLouf, André,$c.$0(OLS)http://semarc/name/89735 240 10$aInspelen op genade, Over God-zoeken.$0(OLS)http://semarc/title/163629 245 10$aSotto la guida dello Spirito /$cAndré Louf. 260 $aMagnano :$bQiqajon,$c1990. 300 $a155 p. ;$c21 cm. 490 0 $aSpiritualità occidentale 500 $aFondo Card. C.M. Martini. 650 4$aSpiritualità occidentale.$0(OLS)http://semarc/subject/2441 830 0$aSpiritualità occidentale.$0(OLS)http://semarc/title/9995 850 $aSeMil 852 $aSeMil$W1$xVenegono$y1$m2C III 96$j68033$B68033$CSeMilBibl$Z2$F78826 $81 941 1 $a4 961 $aOmaggio: Martini Card. Carlo Maria 996 $6020$a88-85227-23-6$9(OLS)http://semarc/number/94772 996 $6245$aSotto la guida dello Spirito$9(OLS)http://semarc/title/163628 996 $6260$aMagnano :$bQiqajon$9(OLS)http://semarc/publisher/32326 LEADER 01178nam a2200301 i 4500 001 000000259269 003 CaOOAMICUS 005 20260220095640.0 008 180725s1998 it u000 u ita u 013 $a238177 020 $a88-7380-636-8 040 $aSeMil$bita 100 1 $aWeil, Simone,$d<1909-1943>.$0(OLS)http://semarc/name/8684 245 10$aSulla guerra /$b[Scritti 1933-1943] /$cSimone Weil ; traduzione e cura di Antonella Zazzi. 264 1$aParma :$bPratiche,$c1999. 300 $a155 p. ;$c22 cm. 490 1 $aNuovi saggi 500 $aComplemento al titolo in copertina 650 4$aGuerra - Teorie.$0(OLS)http://semarc/subject/41984 700 1 $aZazzi, Antonella.$0(OLS)http://semarc/name/95066 830 0$aNuovi saggi.$0(OLS)http://semarc/title/7128 850 $aSeMil 852 $aSeMil$W1$xVenegono$y1$m1P II 62$j210804$B224581$CSeMilBibl$Z2$F224581 $81 961 $aOmaggio: Giacomoni Silvia 996 $6020$a88-7380-636-8$9(OLS)http://semarc/number/284918 996 $6245$aSulla guerra$9(OLS)http://semarc/title/458286 996 $6264$aParma :$bPratiche$9(OLS)http://semarc/publisher/29958